Statistics for All Motörhead Songs

Click here to take the quiz!

General Stats

  • This quiz has been taken 83 times
  • The average score is 78 of 241

Answer Stats

AlbumAnswer% Correct
OverkillOverkill
100%
19161916
97%
Ace of SpadesAce of Spades
97%
BomberBomber
97%
Iron FistIron Fist
97%
MotörheadMotörhead
93%
Rock 'n' RollRock 'n' Roll
93%
OrgasmatronOrgasmatron
90%
SacrificeSacrifice
90%
Another Perfect DayAnother Perfect Day
86%
Ace of SpadesThe Hammer
86%
We Are MotörheadWe Are Motörhead
86%
March ör DieMarch ör Die
83%
Snake Bite LoveSnake Bite Love
83%
Ace of SpadesLove Me Like a Reptile
76%
Overnight SensationOvernight Sensation
76%
BastardsBorn to Raise Hell
72%
OverkillDamage Case
72%
1916Going to Brazil
72%
MotörheadIron Horse/Born to Lose
72%
InfernoKillers
72%
OverkillMetropolis
72%
OrgasmatronDeaf Forever
69%
OrgasmatronDoctor Rock
69%
OverkillNo Class
69%
Bad MagicThunder and Lightning
69%
We Are MotörheadGod Save the Queen
66%
Kiss of DeathGod Was Never On Your Side
66%
AftershockGoing to Mexico
66%
March ör DieHellraiser
66%
Ace of SpadesThe Chase is Better Than the Catch
66%
Bad MagicThe Devil
66%
BomberDead Men Tell No Tales
62%
Overnight SensationI Don't Believe a Word
62%
1916R.A.M.O.N.E.S.
62%
Overnight SensationCrazy Like a Fox
59%
Rock 'n' RollEat the Rich
59%
MotörizerHeroes
59%
Ace of SpadesLive to Win
59%
MotörheadLost Johnny
59%
1916Love Me Forever
59%
1916Nightmare/The Dreamtime
59%
BomberPoison
59%
OverkillStay Clean
59%
Kiss of DeathSucker
59%
Rock 'n' RollThe Wolf
59%
The Wörld is YoursBorn to Lose
55%
The Wörld is YoursBye Bye Bitch Bye Bye
55%
InfernoLife's a Bitch
55%
InfernoTerminal Show
55%
Rock 'n' RollTraitor
55%
MotörheadVibrator
55%
MotörheadWhite Line Fever
55%
Overnight SensationCivil War
52%
Another Perfect DayDie You Bastard!
52%
AftershockEnd of Time
52%
AftershockHeartbreaker
52%
March ör DieJack the Ripper
52%
Ace of Spades(We Are) the Road Crew
52%
BastardsDeath or Glory
48%
Rock 'n' RollDogs
48%
HammeredDr. Love
48%
Bad MagicElectricity
48%
MotörizerEnglish Rose
48%
The Wörld is YoursI Know How to Die
48%
Ace of SpadesJailbait
48%
HammeredKill the World
48%
AftershockKnife
48%
BastardsLiar
48%
HammeredSerial Killer
48%
Ace of SpadesShoot You in the Back
48%
Bad MagicSympathy For the Devil
48%
Kiss of DeathChristine
45%
Snake Bite LoveDogs of War
45%
Iron Fist(Don't Need) Religion
45%
Overnight SensationEat the Gun
45%
Bad MagicEvil Eye
45%
Bad MagicVictory or Die
45%
March ör DieBad Religion
41%
Ace of SpadesFast and Loose
41%
Iron FistI'm the Doctor
41%
Ace of SpadesFire, Fire
38%
1916I'm So Bad (Baby I Don't Care)
38%
Iron FistLoser
38%
1916Shut You Down
38%
BomberStone Dead Forever
38%
MotörheadThe Watcher
38%
Kiss of DeathUnder the Gun
38%
OrgasmatronBuilt For Speed
34%
BastardsDevils
34%
BastardsDon't Let Daddy Kiss Me
34%
OverkillI'll Be Your Sister
34%
1916No Voices in the Sky
34%
MotörizerRock Out
34%
March ör DieStand
34%
InfernoSuicide
34%
MotörizerThe Thousand Names of God
34%
InfernoWhorehouse Blues
34%
Another Perfect DayBack at the Funny Farm
31%
HammeredBrave New World
31%
OrgasmatronClaw
31%
March ör DieI Ain't No Nice Guy
31%
AftershockLost Woman Blues
31%
The Wörld is YoursOutlaw
31%
1916Angel City
28%
BastardsBad Woman
28%
Rock 'n' RollBoogeyman
28%
BastardsBurner
28%
Ace of SpadesDance
28%
Iron FistGo to Hell
28%
InfernoIn the Year of the Wolf
28%
InfernoSmiling Like a Killer
28%
Iron FistSpeedfreak
28%
BomberStep Down
28%
Bad MagicWhen the Sky Comes Looking For You
28%
BomberAll the Aces
24%
Snake Bite LoveAssassin
24%
Ace of SpadesBite the Bullet
24%
Another Perfect DayDancing on Your Grave
24%
Iron FistHeart of Stone
24%
BastardsI'm Your Man
24%
BomberLawman
24%
HammeredNo Remorse
24%
Another Perfect DayShine
24%
1916The One to Sing the Blues
24%
Iron FistAmerica
21%
OverkillCapricorn
21%
Kiss of DeathLiving in the Past
21%
BastardsLost in the Ozone
21%
1916Make My Day
21%
OrgasmatronNothing Up My Sleeve
21%
We Are MotörheadOne More Fucking Time
21%
Another Perfect DayRock It
21%
SacrificeSex and Death
21%
Iron FistSex and Outrage
21%
BomberSharpshooter
21%
Rock 'n' RollStone Deaf in the U.S.A.
21%
March ör DieToo Good to Be True
21%
MotörheadTrain Kept A-Rollin'
21%
Rock 'n' RollAll for You
17%
Snake Bite LoveBetter Off Dead
17%
March ör DieCat Scratch Fever
17%
The Wörld is YoursGet Back in Line
17%
InfernoIn the Black
17%
MotörheadKeep Us On the Road
17%
OrgasmatronMean Machine
17%
We Are MotörheadOut to Lunch
17%
BomberSweet Revenge
17%
MotörizerTeach You How to Sing the Blues
17%
March ör DieYou Better Run
17%
Kiss of DeathBe My Baby
14%
AftershockDeath Machine
14%
SacrificeDog-Face Boy
14%
SacrificeDon't Waste Your Time
14%
Overkill(I Won't) Pay Your Price
14%
AftershockKeep Your Powder Dry
14%
Kiss of DeathKingdom of the Worm
14%
Kiss of DeathOne Night Stand
14%
SacrificeOut of the Sun
14%
AftershockParalyzed
14%
HammeredRed Raw
14%
The Wörld is YoursRock 'n' Roll Music
14%
MotörizerRunaround Man
14%
We Are MotörheadSlow Dance
14%
BomberTalking Head
14%
OverkillTear Ya Down
14%
Bad MagicTell Me Who to Kill
14%
Bad MagicTill the End
14%
HammeredWalk a Crooked Mile
14%
We Are Motörhead(Wearing Your) Heart on Your Sleeve
14%
OrgasmatronAin't My Crime
10%
March ör DieAsylum Choir
10%
The Wörld is YoursBrotherhood of Man
10%
MotörizerBuried Alive
10%
The Wörld is YoursDevils in My Head
10%
HammeredDown the Line
10%
AftershockDo You Believe
10%
AftershockDust and Glass
10%
InfernoFight
10%
Bad MagicFire Storm Hotel
10%
BastardsI Am the Sword
10%
Another Perfect DayI Got Mine
10%
The Wörld is YoursI Know What You Need
10%
InfernoIn the Name of Tragedy
10%
Snake Bite LoveJoy of Labour
10%
InfernoKeys to the Kingdom
10%
OverkillLimb From Limb
10%
Overnight SensationLove Can't Buy You Money
10%
Snake Bite LoveLove For Sale
10%
Overnight SensationMurder Show
10%
March ör DieName in Vain
10%
Snake Bite LoveNight Side
10%
MotörizerOne Short Life
10%
Another Perfect DayOne Track Mind
10%
BastardsOn Your Feet or On Your Knees
10%
SacrificeOver Your Shoulder
10%
OrgasmatronRidin' With the Driver
10%
We Are MotörheadSee Me Burning
10%
Overnight SensationShake the World
10%
Iron FistShut it Down
10%
We Are MotörheadStagefright/Crash and Burn
10%
Kiss of DeathSword of Glory
10%
Snake Bite LoveTake the Blame
10%
Another Perfect DayTales of Glory
10%
Bad MagicTeach Them How to Bleed
10%
MotörizerTime is Right
10%
Kiss of DeathTrigger
10%
The Wörld is YoursWaiting For the Snake
10%
We Are MotörheadWake the Dead
10%
SacrificeAll Gone to Hell
7%
MotörizerBack on the Chain
7%
Iron FistBang to Rights
7%
Rock 'n' RollBlackheart
7%
Overnight SensationBroken
7%
Bad MagicChoking on Your Screams
7%
AftershockCoup de Grace
7%
AftershockCrying Shame
7%
Snake Bite LoveDead and Gone
7%
Snake Bite LoveDesperate For You
7%
Kiss of DeathDevil I Know
7%
Snake Bite LoveDon't Lie to Me
7%
InfernoDown on Me
7%
Kiss of DeathGoing Down
7%
SacrificeIn Another Time
7%
Overnight SensationListen to Your Heart
7%
SacrificeMake 'Em Blind
7%
Another Perfect DayMarching Off to War
7%
HammeredMine All Mine
7%
SacrificeOrder/Fade to Black
7%
AftershockQueen of the Damned
7%
Bad MagicShoot Out All of Your Lights
7%
HammeredShut Your Mouth
7%
AftershockSilence When You Speak to Me
7%
We Are MotörheadStay Out of Jail
7%
Overnight SensationThem Not Me
7%
HammeredVoices From the War
7%
SacrificeWar for War
7%
MotörizerWhen the Eagle Screams
7%
Rock 'n' RollBlessing
3%
Iron Fist(Don't Let 'Em) Grind Ya Down
3%
BastardsWe Bring the Snake
3%

Score Distribution

Percentile by Number Answered

Percent of People with Each Score

Your Score History

You have not taken this quiz